[Event "LLO 2017/18"]
[Site "Mecklenburg-Vorpommern"]
[Date "2018.02.25"]
[Round "6.3"]
[White "Simcaks, Sergejs"]
[Black "Dettmann, Juergen"]
[Result "1-0"]
[WhiteElo "1832"]
[BlackElo "1486"]
[PlyCount "87"]
[EventDate "2017.??.??"]
[EventType "team-tourn"]
[EventRounds "9"]
[SourceDate "2017.10.08"]
[WhiteTeam "SSC Graal-Mueritz"]
[BlackTeam "SG Guestrow/Teterow II"]

1. e4 c5 2. Nf3 e6 3. d4 cxd4 4. Nxd4 Nc6 5. c3 Nf6 6. Nd2 Bc5 7. Nxc6 bxc6 8.
e5 Nd5 9. Ne4 Be7 10. Qg4 g6 11. Qg3 f5 12. Nd6+ Bxd6 13. exd6 O-O 14. h4 f4
15. Qg4 Qf6 16. Bd3 e5 17. h5 Kg7 18. hxg6 hxg6 19. Qh3 Kf7 20. Qh7+ Ke6 21.
Rh6 Rf7 22. Qxg6 Qxg6 23. Rxg6+ Rf6 24. c4 Nb4 25. Rxf6+ Kxf6 26. Be4 Ke6 27.
Bd2 Na6 28. Rd1 Nc5 29. Bc2 Rb8 30. b4 Nb7 31. c5 a5 32. a3 axb4 33. Bxb4 Nd8
34. Ba5 Ba6 35. Bb6 Nf7 36. a4 Bc4 37. a5 Bd5 38. f3 Bc4 39. Bd3 Bd5 40. a6
Nxd6 41. a7 Ra8 42. cxd6 Kxd6 43. Ba6 c5 44. Bb7 1-0

[Event "LLO 2017/18"]
[Site "Mecklenburg-Vorpommern"]
[Date "2018.02.25"]
[Round "6.6"]
[White "Kalettka, Joachim"]
[Black "Schumann, Lutz"]
[Result "0-1"]
[WhiteElo "1268"]
[BlackElo "1748"]
[PlyCount "46"]
[EventDate "2017.??.??"]
[EventType "team-tourn"]
[EventRounds "9"]
[SourceDate "2017.10.08"]
[WhiteTeam "SG Guestrow/Teterow II"]
[BlackTeam "SSC Graal-Mueritz"]

1. d4 Nf6 2. c4 g6 3. Nc3 Bg7 4. e4 d6 5. Be3 Ng4 6. Nf3 Nxe3 7. fxe3 Nc6 8.
Be2 O-O 9. a3 Bh6 10. Qd3 e5 11. d5 Nb8 12. b4 a5 13. O-O Nd7 14. Rfb1 b6 15.
Nb5 Nf6 16. h3 Bd7 17. Nc3 Qe7 18. b5 Ne8 19. g4 f5 20. exf5 gxf5 21. gxf5 Bxf5
22. e4 Bxh3 23. Kf2 Qh4+ 0-1

[Event "LLO 2017/18"]
[Site "Mecklenburg-Vorpommern"]
[Date "2018.02.25"]
[Round "6.7"]
[White "Perlick, Eberhard"]
[Black "Figurski, Bernhard"]
[Result "1-0"]
[WhiteElo "1858"]
[BlackElo "1189"]
[PlyCount "39"]
[EventDate "2017.??.??"]
[EventType "team-tourn"]
[EventRounds "9"]
[SourceDate "2017.10.08"]
[WhiteTeam "SSC Graal-Mueritz"]
[BlackTeam "SG Guestrow/Teterow II"]

1. e3 d6 2. f4 e5 3. fxe5 dxe5 4. Nc3 Nc6 5. Bb5 Bd7 6. Nf3 Bd6 7. O-O Nf6 8.
d3 O-O 9. e4 h6 10. h3 Qe7 11. Be3 a6 12. Bxc6 Bxc6 13. Qd2 Bc5 14. Kh2 Bxe3
15. Qxe3 Bd7 16. Rf2 g5 17. Nxg5 Nh7 18. Nxh7 Kxh7 19. Nd5 Qg5 20. Qxg5 1-0

[Event "LLO 2017/18"]
[Site "Mecklenburg-Vorpommern"]
[Date "2018.02.25"]
[Round "6.8"]
[White "Roessler, Hans Juergen"]
[Black "Micheel, Peter"]
[Result "1/2-1/2"]
[WhiteElo "1172"]
[BlackElo "1665"]
[PlyCount "45"]
[EventDate "2017.??.??"]
[EventType "team-tourn"]
[EventRounds "9"]
[SourceDate "2017.10.08"]
[WhiteTeam "SG Guestrow/Teterow II"]
[BlackTeam "SSC Graal-Mueritz"]

1. e4 e6 2. d4 d5 3. exd5 exd5 4. Bd3 Nc6 5. Nf3 Bd6 6. Nc3 Nge7 7. Nb5 Bg4 8.
Nxd6+ Qxd6 9. c3 O-O-O 10. h3 Bh5 11. g4 Bg6 12. Be3 Rde8 13. Nh4 Bxd3 14. Qxd3
Qf6 15. g5 Qe6 16. O-O-O f5 17. Rde1 Qe4 18. Qxe4 fxe4 19. f3 g6 20. fxe4 dxe4
21. Rhf1 Rhf8 22. Rxf8 Rxf8 23. Bd2 1/2-1/2

[Event "LLO 2017/18"]
[Site "Mecklenburg-Vorpommern"]
[Date "2018.02.25"]
[Round "6.1"]
[White "Alder, Bodo"]
[Black "Voelschow, Siegfried"]
[Result "1/2-1/2"]
[WhiteElo "1844"]
[BlackElo "1874"]
[PlyCount "36"]
[EventDate "2017.??.??"]
[EventType "team-tourn"]
[EventRounds "9"]
[SourceDate "2017.10.08"]
[WhiteTeam "Seehotel Binz"]
[BlackTeam "Waterkant Saal"]

1. e4 d5 2. Nc3 d4 3. Nce2 e5 4. Nf3 Nc6 5. Ng3 h5 6. h4 Bg4 7. Be2 Nf6 8. d3
Qd7 9. a3 Be7 10. Bg5 Bxf3 11. gxf3 g6 12. Qd2 Nd8 13. f4 exf4 14. Qxf4 Nh7 15.
Bxe7 Qxe7 16. O-O-O Ne6 17. Qe5 O-O-O 18. f4 Qf6 1/2-1/2

[Event "LLO 2017/18"]
[Site "Mecklenburg-Vorpommern"]
[Date "2018.02.25"]
[Round "6.2"]
[White "Schwarz, Eckhard"]
[Black "Ertel, Wolfhard"]
[Result "1-0"]
[WhiteElo "1844"]
[BlackElo "1838"]
[PlyCount "115"]
[EventDate "2017.??.??"]
[EventType "team-tourn"]
[EventRounds "9"]
[SourceDate "2017.10.08"]
[WhiteTeam "Waterkant Saal"]
[BlackTeam "Seehotel Binz"]

1. Nf3 d5 2. e3 Nf6 3. Be2 g6 4. O-O Bg7 5. c4 O-O 6. Nc3 c6 7. d4 Nbd7 8. Qb3
Qb6 9. Qxb6 Nxb6 10. c5 Nbd7 11. b4 Re8 12. Bb2 Ne4 13. Nxe4 dxe4 14. Nd2 Nf6
15. Bc4 Bd7 16. a3 a5 17. bxa5 Rxa5 18. Bc3 Ra7 19. Bb3 Bf5 20. h3 h5 21. Nc4
Be6 22. Rfb1 Bxc4 23. Bxc4 Nd7 24. Bb4 e6 25. a4 Bf8 26. a5 e5 27. Rb3 exd4 28.
exd4 b5 29. cxb6 Nxb6 30. Bxf7+ Kxf7 31. Bxf8 Nc4 32. Bb4 Rea8 33. Rc3 Nxa5 34.
Rca3 c5 35. Rxa5 Rxa5 36. Rxa5 Rxa5 37. Bxa5 cxd4 38. Bb6 d3 39. Kf1 Ke6 40.
Ke1 Kd5 41. Kd2 Ke5 42. Ke3 g5 43. g3 Kf5 44. Ba5 g4 45. h4 Ke5 46. Bc3+ Kd5
47. Kf4 Kc4 48. Bd2 Kd4 49. Kf5 Kd5 50. Be3 Kc4 51. Kxe4 Kc3 52. f4 gxf3 53.
Kxf3 d2 54. Bxd2+ Kxd2 55. g4 hxg4+ 56. Kxg4 Ke3 57. h5 Ke4 58. h6 1-0

[Event "LLO 2017/18"]
[Site "Mecklenburg-Vorpommern"]
[Date "2018.02.25"]
[Round "6.3"]
[White "Fechner, Henrik"]
[Black "Wiese, Frank"]
[Result "1/2-1/2"]
[WhiteElo "1759"]
[BlackElo "1903"]
[PlyCount "38"]
[EventDate "2017.??.??"]
[EventType "team-tourn"]
[EventRounds "9"]
[SourceDate "2017.10.08"]
[WhiteTeam "Seehotel Binz"]
[BlackTeam "Waterkant Saal"]

1. d4 g6 2. c4 Bg7 3. Nc3 c5 4. d5 Bxc3+ 5. bxc3 d6 6. e4 Qa5 7. Qb3 Nd7 8. f4
Ngf6 9. Bd3 O-O 10. Nf3 Qc7 11. O-O b6 12. Bd2 Ba6 13. Rae1 e6 14. Qc2 exd5 15.
exd5 Rfe8 16. Nh4 Kg7 17. Nf3 Bb7 18. Qb1 a6 19. a4 Rab8 1/2-1/2

[Event "LLO 2017/18"]
[Site "Mecklenburg-Vorpommern"]
[Date "2018.02.25"]
[Round "6.4"]
[White "Onasch, Gunnar"]
[Black "Horch, Helmut"]
[Result "1-0"]
[WhiteElo "1804"]
[BlackElo "1733"]
[PlyCount "109"]
[EventDate "2017.??.??"]
[EventType "team-tourn"]
[EventRounds "9"]
[SourceDate "2017.10.08"]
[WhiteTeam "Waterkant Saal"]
[BlackTeam "Seehotel Binz"]

1. d4 e6 2. c4 d5 3. Nc3 Nf6 4. Nf3 Be7 5. Qc2 Nbd7 6. Bf4 Bb4 7. Nd2 c6 8. e3
O-O 9. a3 Bxc3 10. bxc3 Nb6 11. Bd3 h6 12. h3 dxc4 13. Nxc4 Nxc4 14. Bxc4 Nd5
15. O-O Nxf4 16. exf4 Qc7 17. Qe4 b5 18. Bxb5 Bb7 19. Bd3 g6 20. Qe5 Qe7 21.
Rab1 c5 22. dxc5 Rfd8 23. Bc4 Bd5 24. Bxd5 Rxd5 25. Rb8+ Rxb8 26. Qxb8+ Rd8 27.
Qb5 Rd5 28. Qb8+ Rd8 29. Qb4 Rc8 30. Rd1 Qc7 31. Rd6 Qxc5 32. Rd8+ Kh7 33. Rxc8
Qxc8 34. c4 Qc7 35. c5 g5 36. Qe4+ Kg8 37. Qe5 Qxe5 38. fxe5 Kf8 39. Kf1 Ke8
40. Ke2 Kd7 41. Kd3 Kc6 42. Kc4 a6 43. f3 h5 44. g3 h4 45. gxh4 gxh4 46. f4 Kc7
47. Kb4 Kc6 48. Ka5 Kxc5 49. Kxa6 Kc6 50. a4 Kc7 51. Ka7 Kc6 52. a5 Kc7 53. a6
Kc8 54. Kb6 Kb8 55. Kc6 1-0

[Event "LLO 2017/18"]
[Site "Mecklenburg-Vorpommern"]
[Date "2018.02.25"]
[Round "6.5"]
[White "Oergel, Ullrich"]
[Black "Richter, Frank"]
[Result "1/2-1/2"]
[WhiteElo "1733"]
[BlackElo "1711"]
[PlyCount "112"]
[EventDate "2017.??.??"]
[EventType "team-tourn"]
[EventRounds "9"]
[SourceDate "2017.10.08"]
[WhiteTeam "Seehotel Binz"]
[BlackTeam "Waterkant Saal"]

1. c4 c5 2. Nc3 Nc6 3. g3 g6 4. Bg2 Bg7 5. Nf3 e6 6. O-O d6 7. d3 Nge7 8. e3
O-O 9. d4 Rb8 10. a3 a6 11. Rb1 b5 12. cxb5 axb5 13. Ne2 b4 14. axb4 Nxb4 15.
Bd2 Ba6 16. Bxb4 Rxb4 17. Re1 Qb6 18. Qc2 Rb8 19. dxc5 dxc5 20. Nc3 Rxb2 21.
Rxb2 Qxb2 22. Qxb2 Rxb2 23. Ne4 c4 24. Rc1 Nd5 25. Bf1 Nb6 26. Nc5 Bb5 27. Ne1
Bf8 28. Ne4 Bc6 29. Bg2 Kg7 30. Nc2 Ba4 31. Nd4 Bb4 32. Nc3 Bxc3 33. Rxc3 Rb1+
34. Bf1 e5 35. Nf3 Bd1 36. Nd2 Ra1 37. Kg2 f5 38. Bxc4 Nxc4 39. Rxc4 Ra7 40.
Nf3 Be2 41. Rc5 e4 42. Nd4 Bd3 43. Ne6+ Kf7 44. Nf4 Rd7 45. Rd5 Rxd5 46. Nxd5
Bc4 47. Nc3 Ke6 48. f3 exf3+ 49. Kxf3 Ke5 50. h4 h6 51. Nd1 Bd5+ 52. Kf2 g5 53.
hxg5 hxg5 54. Nc3 Bc4 55. Kf3 Bd3 56. g4 Be4+ 1/2-1/2

[Event "LLO 2017/18"]
[Site "Mecklenburg-Vorpommern"]
[Date "2018.02.25"]
[Round "6.6"]
[White "Nickel, Reimo"]
[Black "Ilanz, Kazimierz"]
[Result "1/2-1/2"]
[WhiteElo "1693"]
[BlackElo "1614"]
[PlyCount "101"]
[EventDate "2017.??.??"]
[EventType "team-tourn"]
[EventRounds "9"]
[SourceDate "2017.10.08"]
[WhiteTeam "Waterkant Saal"]
[BlackTeam "Seehotel Binz"]

1. d4 d5 2. Nf3 Nf6 3. c3 e6 4. Bg5 Be7 5. e3 Nbd7 6. Bd3 O-O 7. O-O h6 8. Bh4
c5 9. Nbd2 Qc7 10. Bg3 Bd6 11. Bxd6 Qxd6 12. h3 e5 13. dxe5 Nxe5 14. Nxe5 Qxe5
15. Nf3 Qd6 16. Bc2 Re8 17. Re1 Qb6 18. Rb1 Qc6 19. Qd3 Be6 20. Qd1 Qc7 21. b4
b6 22. a3 Rac8 23. Rc1 Red8 24. Qe2 Ne4 25. Bb1 Qe7 26. Nd2 Bf5 27. Nxe4 dxe4
28. Red1 Qg5 29. Kh2 Qe7 30. Qc4 Re8 31. Qd5 Qe5+ 32. g3 cxb4 33. Qxe5 Rxe5 34.
cxb4 Rxc1 35. Rxc1 a5 36. g4 Be6 37. Rd1 Rd5 38. Rd4 Rxd4 39. exd4 f5 40. Kg3
g5 41. gxf5 Bd5 42. h4 Kg7 43. hxg5 hxg5 44. Kg4 Kf6 45. bxa5 bxa5 46. Bc2 Bc6
47. f4 exf3 48. Kg3 Bd5 49. Bd3 Bc6 50. Bc2 Bd5 51. Bd3 1/2-1/2

[Event "LLO 2017/18"]
[Site "Mecklenburg-Vorpommern"]
[Date "2018.02.25"]
[Round "6.7"]
[White "Gorlt, Guenter"]
[Black "Ehmann, Roland"]
[Result "0-1"]
[WhiteElo "1382"]
[BlackElo "1599"]
[PlyCount "54"]
[EventDate "2017.??.??"]
[EventType "team-tourn"]
[EventRounds "9"]
[SourceDate "2017.10.08"]
[WhiteTeam "Seehotel Binz"]
[BlackTeam "Waterkant Saal"]

1. d4 d5 2. c4 c6 3. Nf3 e6 4. Nc3 f5 5. Bf4 Nf6 6. e3 Bd6 7. Be5 O-O 8. cxd5
exd5 9. Bd3 Ne4 10. Qc2 Bxe5 11. Nxe5 Nd7 12. Nxd7 Bxd7 13. O-O-O Qg5 14. g3 b5
15. h4 Qh6 16. Qe2 a5 17. Bxe4 fxe4 18. Rdf1 Rf3 19. Rh2 Bg4 20. Qc2 Raf8 21.
Nb1 Rxe3 22. Qd2 Rxg3 23. Qxh6 gxh6 24. Nd2 Rh3 25. Rg2 h5 26. Nb3 a4 27. Nc5
Kh8 0-1

[Event "LLO 2017/18"]
[Site "Mecklenburg-Vorpommern"]
[Date "2018.02.25"]
[Round "6.8"]
[White "Hiltner, Harald"]
[Black "Froehlich, Wolfgang"]
[Result "1/2-1/2"]
[WhiteElo "1489"]
[BlackElo "1213"]
[PlyCount "34"]
[EventDate "2017.??.??"]
[EventType "team-tourn"]
[EventRounds "9"]
[SourceDate "2017.10.08"]
[WhiteTeam "Waterkant Saal"]
[BlackTeam "Seehotel Binz"]

1. e4 e6 2. d4 d5 3. exd5 exd5 4. Nf3 Be6 5. Be2 Nf6 6. Bf4 Bd6 7. Bxd6 Qxd6 8.
c3 c6 9. Nbd2 O-O 10. Ne5 Nbd7 11. Nxd7 Qxd7 12. O-O Bg4 13. Bxg4 Qxg4 14. Qxg4
Nxg4 15. Nf3 f6 16. Rae1 Rfe8 17. h3 Nh6 1/2-1/2

[Event "LLO 2017/18"]
[Site "Mecklenburg-Vorpommern"]
[Date "2018.02.25"]
[Round "6.1"]
[White "Menkhaus, Wolf Dieter"]
[Black "Lange, Jannis"]
[Result "0-1"]
[WhiteElo "1832"]
[BlackElo "1904"]
[PlyCount "96"]
[EventDate "2017.??.??"]
[EventType "team-tourn"]
[EventRounds "9"]
[SourceDate "2017.10.08"]
[WhiteTeam "SSC Rostock II"]
[BlackTeam "SV Motor Wolgast"]

1. d4 Nf6 2. c4 g6 3. Nc3 d5 4. cxd5 Nxd5 5. e4 Nxc3 6. bxc3 Bg7 7. Rb1 O-O 8.
Nf3 c5 9. Be2 cxd4 10. cxd4 Qa5+ 11. Qd2 Qxd2+ 12. Bxd2 b6 13. O-O Bb7 14. d5
Rc8 15. a4 Nd7 16. Be3 Nc5 17. Rb4 Bc3 18. Rc4 Nb3 19. Rd1 Rxc4 20. Bxc4 Nc5
21. Bxc5 bxc5 22. Rc1 Bb4 23. Ne5 Kg7 24. Nd3 a5 25. f4 Rd8 26. Ne5 Bd2 27. Rb1
Bxf4 28. Nxg6 Be3+ 29. Kf1 Bxd5 30. exd5 hxg6 31. Rb7 Kf6 32. Ra7 Bd2 33. Ke2
Bb4 34. Ke3 Rh8 35. d6 exd6 36. Rxf7+ Kg5 37. Rd7 Rh4 38. Bd5 c4 39. g3 Bc5+
40. Kf3 Rd4 41. h4+ Kf6 42. Be4 c3 43. Bc2 Rd2 44. Bb3 c2 45. Rf7+ Ke5 46. Re7+
Kd4 47. Re4+ Kc3 48. Bf7 Kb2 0-1

[Event "LLO 2017/18"]
[Site "Mecklenburg-Vorpommern"]
[Date "2018.02.25"]
[Round "6.2"]
[White "Reinke, Thomas"]
[Black "Herde, Dittmar"]
[Result "1-0"]
[WhiteElo "1919"]
[BlackElo "1803"]
[PlyCount "103"]
[EventDate "2017.??.??"]
[EventType "team-tourn"]
[EventRounds "9"]
[SourceDate "2017.10.08"]
[WhiteTeam "SV Motor Wolgast"]
[BlackTeam "SSC Rostock II"]

1. e4 c5 2. Nc3 d6 3. g3 Nf6 4. Bg2 g6 5. f4 Bg7 6. d3 Nc6 7. Nf3 Bg4 8. O-O
O-O 9. Ne2 Qd7 10. Be3 Bxf3 11. Bxf3 Ng4 12. Bxg4 Qxg4 13. c3 h5 14. Kg2 Qd7
15. f5 Kh7 16. Nf4 Bh6 17. h3 Bxf4 18. Bxf4 Kg7 19. g4 Rh8 20. gxh5 Rxh5 21.
Qg4 Qe8 22. Rf3 f6 23. Rg3 g5 24. h4 Ne5 25. Bxe5 dxe5 26. hxg5 Rxg5 27. Qh4
Qg8 28. Rxg5+ fxg5 29. Qxg5+ Kf7 30. Qxg8+ Rxg8+ 31. Kf2 e6 32. fxe6+ Kxe6 33.
Rg1 Rh8 34. Rg2 Rh3 35. Ke2 Kd6 36. Kd2 a5 37. a4 b6 38. Rg6+ Kc7 39. Re6 Rh2+
40. Kc1 Rh5 41. Kc2 Kb7 42. Kb3 Ka6 43. Kc4 Rg5 44. Rf6 Rg8 45. Re6 Rg5 46. Re8
Rh5 47. Ra8+ Kb7 48. Rf8 Rh7 49. Kb5 Rd7 50. Rf6 Rxd3 51. Rxb6+ Kc7 52. Rc6+
1-0

[Event "LLO 2017/18"]
[Site "Mecklenburg-Vorpommern"]
[Date "2018.02.25"]
[Round "6.4"]
[White "Riebort, Frank"]
[Black "Wurst, Maximilian"]
[Result "1/2-1/2"]
[WhiteElo "1883"]
[BlackElo "1680"]
[PlyCount "55"]
[EventDate "2017.??.??"]
[EventType "team-tourn"]
[EventRounds "9"]
[SourceDate "2017.10.08"]
[WhiteTeam "SV Motor Wolgast"]
[BlackTeam "SSC Rostock II"]

1. d4 Nf6 2. c4 e6 3. Nc3 Bb4 4. Bg5 b6 5. e4 h6 6. Bxf6 Qxf6 7. Nf3 c5 8. e5
Qf4 9. Be2 cxd4 10. Qxd4 Qxd4 11. Nxd4 Bxc3+ 12. bxc3 Bb7 13. Nb5 O-O 14. Nc7
Bxg2 15. Rg1 Rc8 16. Nxa8 Bxa8 17. Rd1 Rc7 18. f4 Na6 19. Rd4 Nc5 20. Kd1 Ne4
21. Kc2 f5 22. exf6 Nxf6 23. Bd3 Rc5 24. Rg3 Rh5 25. h3 Bc6 26. Re3 Kf7 27. Rg3
Kf8 28. Bg6 1/2-1/2

[Event "LLO 2017/18"]
[Site "Mecklenburg-Vorpommern"]
[Date "2018.02.25"]
[Round "6.5"]
[White "Nour, Alaa"]
[Black "Klotzsche, Stefan"]
[Result "0-1"]
[WhiteElo "1614"]
[BlackElo "1751"]
[PlyCount "122"]
[EventDate "2017.??.??"]
[EventType "team-tourn"]
[EventRounds "9"]
[SourceDate "2017.10.08"]
[WhiteTeam "SSC Rostock II"]
[BlackTeam "SV Motor Wolgast"]

1. e4 c5 2. Nf3 a6 3. d4 cxd4 4. Nxd4 e6 5. c4 Qc7 6. Nc3 Nf6 7. Be2 d6 8. b3
Nc6 9. Bb2 Be7 10. Rc1 O-O 11. O-O Bd7 12. f4 Nxd4 13. Qxd4 d5 14. Na4 dxe4 15.
c5 Bxa4 16. Qxa4 Bxc5+ 17. Kh1 b5 18. Bxb5 axb5 19. Qxb5 Ra5 20. Qc4 Qb7 21.
Bxf6 gxf6 22. Qc3 Qb4 23. Qxf6 Bd4 24. Qh4 Rxa2 25. f5 exf5 26. Qg5+ Kh8 27.
Qxf5 e3 28. Qe4 e2 29. Rfe1 f5 30. Qh4 Bc3 31. Qg3 Bg7 32. Rc7 Qd4 33. Re7 f4
34. Qh4 f3 35. Qxd4 fxg2+ 36. Kxg2 Bxd4 37. R1xe2 Rf2+ 38. Rxf2 Rxf2+ 39. Kg3
Rb2 40. Re8+ Kg7 41. h4 Rxb3+ 42. Kg4 h5+ 43. Kf4 Kf6 44. Re2 Rh3 45. Ra2 Be5+
46. Ke4 Rxh4+ 47. Kf3 Kf5 48. Ra8 Rh3+ 49. Kf2 Ke4 50. Ra4+ Bd4+ 51. Kg2 Rb3
52. Ra5 Be5 53. Ra4+ Kf5 54. Ra5 h4 55. Ra4 h3+ 56. Kf2 Bf4 57. Ra8 Kg4 58. Ra1
Rb2+ 59. Kg1 Be3+ 60. Kh1 Kg3 61. Rd1 Rh2# 0-1

[Event "LLO 2017/18"]
[Site "Mecklenburg-Vorpommern"]
[Date "2018.02.25"]
[Round "6.6"]
[White "Ploch, Gregor"]
[Black "Birkholz, Karl Lukas"]
[Result "0-1"]
[WhiteElo "1689"]
[BlackElo "1639"]
[PlyCount "46"]
[EventDate "2017.??.??"]
[EventType "team-tourn"]
[EventRounds "9"]
[SourceDate "2017.10.08"]
[WhiteTeam "SV Motor Wolgast"]
[BlackTeam "SSC Rostock II"]

1. c4 e5 2. Nc3 Nf6 3. Nf3 d6 4. d4 exd4 5. Nxd4 c5 6. Nc2 Nc6 7. e4 Be7 8. Be2
O-O 9. O-O b6 10. Bf3 Ne5 11. Ne3 Nxf3+ 12. Qxf3 Bb7 13. Nf5 Re8 14. Bh6 Bf8
15. Qg3 g6 16. Bxf8 Kxf8 17. Nxd6 Nh5 18. Qd3 Nf4 19. Qe3 Qxd6 20. g3 Ne6 21.
f4 Qd4 22. Qxd4 Nxd4 23. e5 Nf3+ 0-1

[Event "LLO 2017/18"]
[Site "Mecklenburg-Vorpommern"]
[Date "2018.02.25"]
[Round "6.7"]
[White "Onila, Ionut"]
[Black "Schellner, Ulf"]
[Result "1/2-1/2"]
[WhiteElo "1205"]
[BlackElo "1614"]
[PlyCount "35"]
[EventDate "2017.??.??"]
[EventType "team-tourn"]
[EventRounds "9"]
[SourceDate "2017.10.08"]
[WhiteTeam "SSC Rostock II"]
[BlackTeam "SV Motor Wolgast"]

1. d4 Nf6 2. Nf3 e6 3. e3 b6 4. Bd3 Bb7 5. Nbd2 Be7 6. O-O O-O 7. b3 d5 8. Bb2
Nbd7 9. Re1 Ne4 10. c4 Ndf6 11. Re2 Nxd2 12. Nxd2 Ne4 13. Rc1 Rc8 14. Nxe4 dxe4
15. Bb1 f5 16. Rd2 Bb4 17. Bc3 Bxc3 18. Rxc3 1/2-1/2

[Event "LLO 2017/18"]
[Site "Mecklenburg-Vorpommern"]
[Date "2018.02.25"]
[Round "6.8"]
[White "Reimer, Karl"]
[Black "Kimura, Jonas Minoru"]
[Result "1-0"]
[WhiteElo "1611"]
[BlackElo "1362"]
[PlyCount "57"]
[EventDate "2017.??.??"]
[EventType "team-tourn"]
[EventRounds "9"]
[SourceDate "2017.10.08"]
[WhiteTeam "SV Motor Wolgast"]
[BlackTeam "SSC Rostock II"]

1. c4 e6 2. Nc3 d5 3. cxd5 exd5 4. d4 Nf6 5. Nf3 Bd6 6. Bg5 c6 7. e3 Bf5 8. Be2
Nbd7 9. O-O Qc7 10. Rc1 O-O 11. Nb5 Qb8 12. Nxd6 Qxd6 13. Qb3 b6 14. Bf4 Qe7
15. Rxc6 Rac8 16. Rfc1 Rxc6 17. Rxc6 Nh5 18. Bd6 Qe6 19. Ng5 Qg6 20. Bxh5 Qxh5
21. Bxf8 Qxg5 22. Bd6 Nf6 23. Qc3 h6 24. Bf4 Qg6 25. f3 Qh5 26. Rxf6 gxf6 27.
g4 Bxg4 28. fxg4 Qxg4+ 29. Kf2 1-0

[Event "LLO 2017/18"]
[Site "Mecklenburg-Vorpommern"]
[Date "2018.02.25"]
[Round "6.1"]
[White "Eckermann, Klaus"]
[Black "Hoerhold, Martin"]
[Result "0-1"]
[WhiteElo "1749"]
[BlackElo "1732"]
[PlyCount "48"]
[EventDate "2017.??.??"]
[EventType "team-tourn"]
[EventRounds "9"]
[SourceDate "2017.10.08"]
[WhiteTeam "Ribnitz-Damgarten"]
[BlackTeam "SG Neubrandenburg II"]

1. e4 d6 2. d4 g6 3. Nc3 Bg7 4. Nf3 c6 5. Be3 Nd7 6. Bd3 b6 7. O-O Bb7 8. Qd2
h6 9. Rad1 Rc8 10. Rfe1 e6 11. Bf4 Nb8 12. e5 d5 13. b4 Bf8 14. Ne2 g5 15. Bg3
g4 16. Nh4 Be7 17. Ng6 fxg6 18. Bxg6+ Kd7 19. Nf4 Bg5 20. Bf7 Qe7 21. Bh5 Rf8
22. c4 dxc4 23. b5 Bxf4 24. Bxf4 cxb5 0-1

[Event "LLO 2017/18"]
[Site "Mecklenburg-Vorpommern"]
[Date "2018.02.25"]
[Round "6.2"]
[White "Dupke, Andreas"]
[Black "Floegel, Thomas"]
[Result "1/2-1/2"]
[WhiteElo "1741"]
[BlackElo "1685"]
[PlyCount "106"]
[EventDate "2017.??.??"]
[EventType "team-tourn"]
[EventRounds "9"]
[SourceDate "2017.10.08"]
[WhiteTeam "SG Neubrandenburg II"]
[BlackTeam "Ribnitz-Damgarten"]

1. e4 e6 2. d4 d5 3. Nd2 Nf6 4. e5 Nfd7 5. Bd3 c5 6. c3 Nc6 7. Ne2 cxd4 8. cxd4
Bb4 9. O-O O-O 10. Nf3 f5 11. exf6 Nxf6 12. Bg5 Bd6 13. Bf4 Ng4 14. Bxd6 Qxd6
15. Ng3 e5 16. dxe5 Ngxe5 17. Nxe5 Nxe5 18. Bc2 Be6 19. Re1 Ng4 20. Re2 Qb6 21.
Qd2 Rad8 22. Bb3 Kh8 23. Rd1 Nf6 24. Qe3 Qxe3 25. Rxe3 Bf7 26. Re7 Rb8 27. Nf5
a5 28. Nd6 Bh5 29. f3 b5 30. Nf5 a4 31. Bxd5 Rfd8 32. Ne3 h6 33. a3 Nxd5 34.
Rxd5 Rxd5 35. Nxd5 Rd8 36. Nc3 Rd2 37. Rb7 Bf7 38. Rxb5 Bb3 39. Rb4 Kh7 40.
Nxa4 Bxa4 41. Rxa4 Rxb2 42. Re4 Ra2 43. Re3 Kg6 44. h3 Kh5 45. Kh2 g5 46. Kg3
Ra1 47. f4 gxf4+ 48. Kxf4 Rf1+ 49. Rf3 Ra1 50. Ke4 Kh4 51. Kf5 h5 52. g4 hxg4
53. hxg4 Rxa3 1/2-1/2

[Event "LLO 2017/18"]
[Site "Mecklenburg-Vorpommern"]
[Date "2018.02.25"]
[Round "6.3"]
[White "Morejko, Wojciech"]
[Black "Buenz, Heinrich"]
[Result "1-0"]
[WhiteElo "1608"]
[BlackElo "1671"]
[PlyCount "40"]
[EventDate "2017.??.??"]
[EventType "team-tourn"]
[EventRounds "9"]
[SourceDate "2017.10.08"]
[WhiteTeam "Ribnitz-Damgarten"]
[BlackTeam "SG Neubrandenburg II"]

1. e4 e5 2. Nf3 Nc6 3. Bc4 Bc5 4. b4 Bxb4 5. c3 Bd6 6. d4 exd4 7. O-O Na5 8.
Be2 dxc3 9. Nxc3 c6 10. e5 Bc7 11. Ne4 h6 12. Bb2 Ne7 13. Nd6+ Bxd6 14. exd6
Nf5 15. g4 Nh4 16. Bxg7 Rg8 17. Qd4 Nxf3+ 18. Bxf3 f6 19. Rae1+ Kf7 20. Re7+
Kg6 1-0

[Event "LLO 2017/18"]
[Site "Mecklenburg-Vorpommern"]
[Date "2018.02.25"]
[Round "6.4"]
[White "Sommer, Hans Hermann"]
[Black "Wehrmann, Horst"]
[Result "1-0"]
[WhiteElo "1713"]
[BlackElo "1585"]
[PlyCount "71"]
[EventDate "2017.??.??"]
[EventType "team-tourn"]
[EventRounds "9"]
[SourceDate "2017.10.08"]
[WhiteTeam "SG Neubrandenburg II"]
[BlackTeam "Ribnitz-Damgarten"]

1. e4 c5 2. d4 cxd4 3. c3 e6 4. Bc4 d6 5. Nf3 h6 6. O-O Be7 7. cxd4 a6 8. Qe2
b5 9. Bb3 Bd7 10. Rd1 Nc6 11. d5 Na5 12. dxe6 Bxe6 13. Bxe6 fxe6 14. Nd4 Qd7
15. Qh5+ Kf8 16. Qf3+ Ke8 17. e5 d5 18. Qh5+ Kf8 19. Qg6 Nf6 20. exf6 Bxf6 21.
Nc3 Nc4 22. Nce2 Ne5 23. Qh5 Nf7 24. Nf4 Bxd4 25. Rxd4 Rh7 26. Ng6+ Kg8 27. Be3
Re8 28. Ne5 Nxe5 29. Qxe5 g5 30. h4 Rf8 31. Rad1 Rf5 32. Qb8+ Kg7 33. h5 Rh8
34. Qb6 Ra8 35. Re4 Kf7 36. Rxe6 1-0

[Event "LLO 2017/18"]
[Site "Mecklenburg-Vorpommern"]
[Date "2018.02.25"]
[Round "6.5"]
[White "Zierke, Udo"]
[Black "Lange, Ingo"]
[Result "0-1"]
[WhiteElo "1597"]
[BlackElo "1726"]
[PlyCount "83"]
[EventDate "2017.??.??"]
[EventType "team-tourn"]
[EventRounds "9"]
[SourceDate "2017.10.08"]
[WhiteTeam "Ribnitz-Damgarten"]
[BlackTeam "SG Neubrandenburg II"]

1. d4 Nf6 2. c4 g6 3. Nc3 d5 4. e3 Bg7 5. Nf3 O-O 6. Bd3 Nc6 7. O-O Nb4 8. cxd5
Nxd3 9. Qxd3 Nxd5 10. a3 a6 11. Nd2 c5 12. Nb3 Nxc3 13. bxc3 cxd4 14. cxd4 Bd7
15. Re1 e5 16. Bb2 Bb5 17. Qd2 Qd5 18. Nc5 Rfd8 19. Rac1 exd4 20. Bxd4 Bxd4 21.
Qxd4 b6 22. Qxd5 Rxd5 23. Ne4 Rd3 24. Rc3 Rad8 25. Rxd3 Rxd3 26. Ra1 f5 27. Ng3
Rd2 28. Nf1 Bxf1 29. Kxf1 Kf7 30. Rb1 b5 31. Ke1 Ra2 32. Rb3 Ke6 33. Rd3 h6 34.
h4 g5 35. hxg5 hxg5 36. Kf1 Rb2 37. g3 a5 38. Ke1 a4 39. Kf1 Rb3 40. Ke2 g4 41.
Rxb3 axb3 42. Kd3 0-1

[Event "LLO 2017/18"]
[Site "Mecklenburg-Vorpommern"]
[Date "2018.02.25"]
[Round "6.6"]
[White "Schulz, Ronald"]
[Black "Orchei, Victor"]
[Result "0-1"]
[WhiteElo "1580"]
[BlackElo "1446"]
[PlyCount "41"]
[EventDate "2017.??.??"]
[EventType "team-tourn"]
[EventRounds "9"]
[SourceDate "2017.10.08"]
[WhiteTeam "SG Neubrandenburg II"]
[BlackTeam "Ribnitz-Damgarten"]

1. e4 c5 2. c3 e5 3. Nf3 d6 4. Bc4 Be7 5. Qb3 Nh6 6. d3 O-O 7. Bxh6 gxh6 8.
Nbd2 Nc6 9. Bd5 Qc7 10. Nc4 Bg4 11. Ne3 Bd7 12. O-O-O Na5 13. Qc2 Rab8 14. h4
b5 15. g4 Qd8 16. Nf5 Bxf5 17. gxf5 b4 18. Qd2 bxc3 19. Qxh6 cxb2+ 20. Kb1 Kh8
21. Ng5 0-1